Nuevos horizontes del pasado : (Record no. 181074)
[ view plain ]
| 000 -LEADER | |
|---|---|
| campo de control de longitud fija | 01223nam a2200265 i 4500 |
| 001 - NÚMERO DE CONTROL | |
| campo de control | 181074 |
| 003 - IDENTIFICADOR DE NÚMERO DE CONTROL | |
| campo de control | ES-MaACL |
| 005 - FECHA Y HORA DE LA ÚLTIMA TRANSACCIÓN | |
| campo de control | 20231221173523.0 |
| 008 - DATOS DE LONGITUD FIJA--INFORMACIÓN GENERAL | |
| campo de control de longitud fija | 121016s2011 sp 101 0 spa d |
| 020 ## - NÚMERO INTERNACIONAL ESTÁNDAR DEL LIBRO | |
| Número Internacional Estándar del Libro | 978-84-8102-607-8 |
| 080 ## - NÚMERO DE LA CLASIFICACIÓN DECIMAL UNIVERSAL | |
| Número de la Clasificación Decimal Universal | 94(460)"18/19" |
| 245 00 - MENCIÓN DEL TÍTULO | |
| Título | Nuevos horizontes del pasado : |
| Resto del título | culturas políticas , identidades y formas de representación / |
| Mención de responsabilidad, etc. | Ángeles Barrio Alonso, Jorge de Hoyos Puente, Rebeca Saavedra Arias (editores). |
| 260 ## - PUBLICACIÓN, DISTRIBUCIÓN, ETC. | |
| Lugar de publicación, distribución, etc. | Santander : |
| Nombre del editor, distribuidor, etc. | PUbliCan-Ediciones de la Universidad de Cantabria, |
| Fecha de publicación, distribución, etc. | 2011. |
| 300 ## - DESCRIPCIÓN FÍSICA | |
| Extensión | 277 p. ; |
| Dimensiones | 24 cm + |
| Material acompañante/anejo | 1 CD. |
| 500 ## - NOTA GENERAL | |
| Nota general | Acompañado de un CD-ROM con la mayoría de las ponencias presentadas en el Congreso. |
| 651 #4 - PUNTO DE ACCESO ADICIONAL DE MATERIA--NOMBRE GEOGRÁFICO | |
| Nombre geográfico | España- |
| Subdivisión general | Historia- |
| Subdivisión cronológica | S.XIX- |
| Subdivisión de forma | Congresos y asambleas. |
| 9 (RLIN) | 8353 |
| 651 #4 - PUNTO DE ACCESO ADICIONAL DE MATERIA--NOMBRE GEOGRÁFICO | |
| Nombre geográfico | España- |
| Subdivisión general | Historia- |
| Subdivisión cronológica | S.XX- |
| Subdivisión de forma | Congresos y asambleas. |
| 9 (RLIN) | 148345 |
| 700 1# - ENTRADA AGREGADA--NOMBRE PERSONAL | |
| Nombre de persona | Barrio Alonso, Ángeles, |
| Fechas asociadas al nombre | 1955- |
| 9 (RLIN) | 25998 |
| 700 1# - ENTRADA AGREGADA--NOMBRE PERSONAL | |
| Nombre de persona | Hoyos Puente, Jorge de. |
| 9 (RLIN) | 151615 |
| 700 1# - ENTRADA AGREGADA--NOMBRE PERSONAL | |
| Nombre de persona | Saavedra Arias, Rebeca. |
| 9 (RLIN) | 147998 |
| 710 2# - ENTRADA AGREGADA--NOMBRE DE ENTIDAD CORPORATIVA | |
| Nombre de entidad corporativa o nombre de jurisdicción como elemento de entrada | Asociación de Historia Contemporánea. |
| Unidad subordinada | Congreso ( |
| Número del congreso/reunión o número de parte o sección | 10º. |
| Fecha del congreso o de la firma del tratado | 2010. |
| Sede del congreso/Lugar de la reunión | Santander) |
| 9 (RLIN) | 151616 |
| 852 4# - LOCALIZACIÓN | |
| Ubicación | ES-MaACL |
| Número de control de estantería | A-12288 |
| itemnumber | 187957 |
| Sublocalización o colección | R.148343 |
| Ubicación en estantería | Depósito 1 |
| Signatura antigua | Olim: N-5293 |
| 942 ## - ELEMENTOS DE ENTRADA SECUNDARIOS (KOHA) | |
| Fuente del sistema de clasificación o colocación | Clasificación decimal universal |
| Tipo de ítem Koha | Libro impreso |
| Estatus retirado | Estado de pérdida | Fuente del sistema de clasificación o colocación | Estado de daño | No para préstamo | Biblioteca de origen | Biblioteca actual | Ubicación en estantería | Fecha de adquisición | Fuente de adquisición | Total de préstamos | Signatura topográfica completa | Código de barras | Visto por última vez | Precio de reemplazo | Tipo de ítem Koha |
|---|---|---|---|---|---|---|---|---|---|---|---|---|---|---|---|
| Clasificación decimal universal | Biblioteca del Ateneo de Madrid | Biblioteca del Ateneo de Madrid | Depósito 1 | 16/10/2012 | Compra | A-12288 | 1190285 | 23/02/2023 | 23/02/2023 | Libro impreso |
